Effect of potassium nitrate dosage in solution knop on tomato TMK2 in green-house ឥទ្ធិពលកំហាប់ប៉ូតាស្យូមនីដ្រាត​ ក្នុងសូលុយស្យុងក្នូប លើការលូតលាស់ដំណាំប៉េងប៉ោះ តេ អឹម កា ដឺ ក្នុងលក្ខខណ្ឌផ្ទះប្លាស្ទិច (Record no. 739)

000 -LEADER
fixed length control field 00780nam a22001577a 4500
003 - CONTROL NUMBER IDENTIFIER
control field OSt
005 - DATE AND TIME OF LATEST TRANSACTION
control field 20150918151039.0
008 - FIXED-LENGTH DATA ELEMENTS--GENERAL INFORMATION
fixed length control field 150918b xxu||||| |||| 00| 0 eng d
040 ## - CATALOGING SOURCE
Transcribing agency RUA
082 ## - DEWEY DECIMAL CLASSIFICATION NUMBER
Classification number AGR MAO 2006 B034 Or.1
100 ## - MAIN ENTRY--PERSONAL NAME
9 (RLIN) 774
Personal name MAO, CHANTHA.
245 ## - TITLE STATEMENT
Title Effect of potassium nitrate dosage in solution knop on tomato TMK2 in green-house ឥទ្ធិពលកំហាប់ប៉ូតាស្យូមនីដ្រាត​ ក្នុងសូលុយស្យុងក្នូប លើការលូតលាស់ដំណាំប៉េងប៉ោះ តេ អឹម កា ដឺ ក្នុងលក្ខខណ្ឌផ្ទះប្លាស្ទិច
260 ## - PUBLICATION, DISTRIBUTION, ETC. (IMPRINT)
Place of publication, distribution, etc. Phnom Penh
Name of publisher, distributor, etc. RUA
Date of publication, distribution, etc. 2006
300 ## - PHYSICAL DESCRIPTION
Extent 66p.
Other physical details ill.
Dimensions 29cm.
942 ## - ADDED ENTRY ELEMENTS (KOHA)
Source of classification or shelving scheme
Koha item type AGR
Holdings
Price effective from Date last seen Permanent Location Not for loan Date acquired Date last checked out Source of classification or shelving scheme Koha item type Total Checkouts Barcode Lost status Damaged status Withdrawn status Current Location Full call number
2015-09-182024-03-13Library Block B 2015-09-182024-02-19 AGR1RUA008149   Library Block BAGR MAO 2006 B034 Or.1
2015-09-212015-09-21Library Block B 2015-09-21  AGR rua002464   Library Block BAGR MAO 2006 B034 Or.2
2015-09-212021-11-12Library Block B 2015-09-212021-11-10 AGR1rua002540   Library Block BAGR MAO 2006 B034 Or.3
2015-09-212016-07-25Library Block B 2015-09-212016-06-30 AGR1rua002981   Library Block BAGR MAO 2006 B034 Or.4
2015-09-212015-09-21Library Block B 2015-09-21  AGR RUA002828   Library Block BAGR MAO 2006 B034 Or.5
មជ្ឈមណ្ឌលឯការនៃសាកលវិទ្យាល័យភូមិន្ទកសិកម្មចំការដូង

Powered by Koha